Paleographia latina (Record no. 82445)

MARC details
000 -LEADER
campo de control de longitud fija 00470nam a2200145 i 4500
001 - NÚMERO DE CONTROL
campo de control 82445
003 - IDENTIFICADOR DE NÚMERO DE CONTROL
campo de control ES-MaACL
007 - CAMPO FIJO DE DESCRIPCIÓN FÍSICA--INFORMACIÓN GENERAL
campo de control de longitud fija t|
008 - DATOS DE LONGITUD FIJA--INFORMACIÓN GENERAL
campo de control de longitud fija 041110s1909 gw ||||1| lat d
100 1# - ENTRADA PRINCIPAL--NOMBRE DE PERSONA
Nombre de persona Ihm, Maximilianus.
9 (RLIN) 65159
245 10 - MENCIÓN DEL TÍTULO
Título Paleographia latina
Resto del título : exempla codicum latinorum phototypice expressa /
Mención de responsabilidad, etc. scholarum maxime in usum edidit Maximilinus Ihm ; Series I.
260 ## - PUBLICACIÓN, DISTRIBUCIÓN, ETC.
Lugar de publicación, distribución, etc. Lipsiae :
Nombre del editor, distribuidor, etc. Teubner,
Fecha de publicación, distribución, etc. [1909]
300 ## - DESCRIPCIÓN FÍSICA
Extensión 22 lám. ;
Dimensiones 45 cm.
852 ## - LOCALIZACIÓN
Ubicación ES-MaACL
Número de control de estantería B-9698
Holdings
Estatus retirado Estado de pérdida Estado de daño No para préstamo Biblioteca de origen Biblioteca actual Ubicación en estantería Fecha de adquisición Fuente de adquisición Total de préstamos Signatura topográfica completa Código de barras Visto por última vez Precio de reemplazo Tipo de ítem Koha
        Biblioteca del Ateneo de Madrid Biblioteca del Ateneo de Madrid Sala Pardo Bazán 17/01/2008     B-9698 1086162 23/02/2023 23/02/2023 Libro impreso